LEADER 03040nam0 2200445 i 450 001 PUV0524131 005 20251003044314.0 010 $a8881148927 020 $aIT$b2000-3793 100 $a20021129d1999 ||||0itac50 ba 101 | $aita 102 $ait 181 1$6z01$ai $bxxxe 182 1$6z01$an 200 1 $aMarketing e territorio$eproblematiche di competitività e coesione nei processi di territorializzazione$fMaria Paradiso 210 $aNapoli [etc.]$cEdizioni scientifiche italiane$d1999 215 $a294 p.$d24 cm. 225 | $aPubblicazioni della Facoltà di economia, Università degli studi del Sannio, Benevento$i. Sezione economica$v6 410 0$1001IEI0136816$12001 $aPubblicazioni della Facoltà di economia, Università degli studi del Sannio, Benevento$i. Sezione economica$v6$171201$aUniversità degli studi del Sannio$b : Facoltà di economia$3CFIV177289 606 $aTerritorio$xMarketing$2FIR$3UFIC073695$9E 606 $aSviluppo economico e pianificazione territoriale$2FIR$3CFIC018097$9E 676 $a338.9$9Produzione. Sviluppo e crescita economica$v14 676 $a338.9$9SVILUPPO ECONOMICO$v20 676 $a338.9$9SVILUPPO ECONOMICO$v23 696 $aMercatistica 696 $aPianificazione territoriale$aSviluppo economico 699 $aMarketing$yMercatistica 699 $aSviluppo economico e pianificazione territoriale$xPianificazione territoriale$xSviluppo economico 700 1$aParadiso$b, Maria$f <1966- >$3PUVV232503$4070$0771452 790 1$aPradiso$b, Maria$3CFIV243592$zParadiso, Maria <1966- > 801 3$aIT$bIT-000000$c20021129 850 $aIT-BN0095 $aIT-NA0079 901 $bNAP BN$cMAGAZZINO $nmagazzini correnti divisi per anni 901 $bNAP 01$cPOZZO LIB.$nVi sono collocati fondi di economia, periodici di ingegneria e scienze, periodici di economia e statistica e altri fondi comprendenti documenti di economia pervenuti in dono. 901 $bNAP 01$cBCA $nComprende monografie e periodici di diritto, testi di ingegneria, di scienze e tecnologia di nuova acquisizione. 912 $aPUV0524131 950 0$aBiblioteca Centralizzata di Ateneo$c1 v.$d 01POZZO LIB.ECON MON 2952$e 0101 0000210275E VMA 1 v. (terza copia)$fB $h20210402$i20210402$c1 v. in due copie$d 01POZZO LIB.ECON MON 2515$e 0101 0000116575E VMA (bis 1 v. (2. copia) precedente collocazione sez L TESTO 0031(bis$fB $h20090424$i20090424$c1 v. in due copie$d 01POZZO LIB.ECON MON 2515$e 0101 0000005575E VMA 1 v. precedente collocazione sez L TESTO 0031$fB $h20080611$i20080611$c1 v.$d 01POZZO LIB.F. CORTI 321$e 01 0000124625E VMA 1 v.$fB $h20230904$i20230907$d 01BCA SC. SOCIAL 944$e 01 0000003535 VMA 1 v.$fY $h20220622$i20220622 977 $a 01$a BN 996 $aMarketing e territorio$91574255 997 $aUNISANNIO